000 00892cam a2200241 4500
001 ABS61664
008 000000n1999 000 0 eng u
035 _a(Sirsi) u103148
100 _aKhatri, M.
245 _aHow the IT revolution is shaping office demand
260 _c1999
490 _aCSM
_bChartered Surveyor Monthly
_v9(3) Nov/Dec 1999, 30-31(2)
520 _aEvaluates whether the increased use of information technology has had an impact on the traditional office market. Concludes that the effects on demand have not been as great as predicted. References.
590 _aABS
650 _aPROPERTY-COMMERCIAL PROPERTY-OFFICE PROPERTY-OFFICE PROPERTY MARKET
650 _aOFFICE SPACE
650 _aDEMAND
650 _aFORECASTS
650 _aINTERNET
690 _aPROPERTY-COMMERCIAL PROPERTY-COMMERCIAL PROPERTY MARKET
700 _aThoday, Corin
942 _n0
999 _c61996
_d61996